000 01215nam0a22003011 4500
001 v19\rc\1832727
005 20250619140826.0
035 _a(NLR Aleph) 004927960
090 _a5648784
_c5648784
100 _a20071224e19081908|||y0rusy50 ca
101 0 _arus
102 _aRU
105 _ay z |||||
200 1 _aК вопросу о сельскохозяйственном образовании в Архангельской губернии и о введении губернского агрономического института
210 _aАрхангельск
_cГуб. тип.
_d1908
215 _a16 с.
_d30
300 _aВ конце текста: Z.
311 _aОтт. из № 163, 168, 169, 171 и 173 "Арханг. губ. вед." за 1908 г.
488 0 _12001#$aАрхангельские губернские ведомости$v1908, № 163, 168, 169, 171, 173
_tАрхангельские губернские ведомости
702 0 _aZ.
_4220
801 0 _aRU
_bNLR
_gpsbo
801 0 _aRU
_bRuMoRGB
_2psbo
801 1 _aRU
_bProSoft-M
_2rusmarc
852 _aNLR
_j34.53.7.110
899 _aRuMoRGB
_jC 26/146
899 _aГПИБ
942 _cBOOK
980 _aNB